000 00429nam a2200169Ia 4500
001 17771
003 IN-NITTTR
005 20251114233208.0
008 251113s9999||||xx |||||||||||||| ||eng||
040 _beng
040 _cIN-NITTTR
041 _aeng
082 _a621.381 M278L
100 _aMaheshwari, L. K.
245 0 _aLaboratory manual for introductory electronics experiments. /
_cMaheshwari, L. K.
942 _2ddc
_cBK
999 _c20405
_d20405